000
00222nam a2200097Ia 4500
008
230508s1985 xx 000 0 und d
041
_a
eng
100
_a
STREETER V.L. B. WYLIE
245
_a
FLUID MECHANICS
260
_c
1985
999
_c
737183
_d
737183